000 00638nam a22001817a 4500
008 131021b xxu||||| |||| 00| 0 alb d
020 _a9789989172403
041 0 _aalb
080 _a321.7
_x(497.7)
100 1 _9Latifi, Veton
245 1 0 _aZhvillimi i negociatave 1 :
_cVeton Latifi.
260 _aShkup :
_bInstituti i Ohrit për Strategji Ekonomike dhe Marrëdhënie Ndërkombëtare
_c2007.
300 _a202 f. :
_b17 cm.
505 _aShënime dhe referenca : f. 181 - 202
650 0 _aDemokracia
_vMarrëveshje
_zOhri
650 0 _aPolitika dhe qeverisja
_zOhri
942 _2udc
_cBK
999 _c138
_d138